000 01492nam a22003131i 4500
005 20200810085535.0
008 200810s2016 ii a j 000 1 tam d
020 _cRM 14.00
_qpaperback
040 _aPPAK
_beng
_cPPAK
_erda
082 0 4 _223
_a894.8112
090 0 0 _a894.8112
_bMUT
_dK
100 1 0 _6880-01
_aMuthu, Boodhalur
_eauthor.
245 1 0 _6880-02
_aANBUK KUZHANTHAIKAL /
_cBoodhalur Muthu
246 3 _6880-3
_aAN̲PUK KUL̲ANTAIKAḶ :
_bcir̲uvar nāṭakaṅkaḷ : ( va. cupa. māṇikkam nin̲aivu tamil̲aṇṇal ar̲akkaṭṭaḷai - mutar̲ paricu per̲r̲a nāṭakam)
250 _aFirst Edition.
264 1 _aChennai, India :
_bThiruvarasu Puthaka Nilayam ,
_c2016.3
300 _a96 pages :
_billustration (black and white) ;
_c18 cm.
336 _2rdacontent
_atext
337 _2rdamedia
_aunmediated
338 _2rdacarrier
_avolume
500 _aPlays for children.
546 _aIn Tamil.
650 1 0 _aTamil drama.
655 0 _aChildren's plays, Tamil.
880 1 0 _6100-01
_aமுத்து, பூதலூர்,
_eauthor.
880 1 0 _6245-02
_aஅன்புக் குழந்தைகள்
880 1 0 _6246-03
_aஅன்புக் குழந்தைகள் :
_bசிறுவர் நாடகங்கள் : (வ. சுப. மாணிக்கம் நினைவு தமிழண்ணல் அறக்கட்டளை - முதற் பரிசு பெற்ற நாடகம்)
942 _2ddc
_cB
999 _c178549
_d178548